| 000 | 00750cam a2200217 i 4500 | ||
|---|---|---|---|
| 001 | 20487437 | ||
| 003 | OSt | ||
| 005 | 20241116160540.0 | ||
| 008 | 180508s2016 gh 001 0 eng | ||
| 020 | _a9789988242480 | ||
| 040 | _cCentral University Library | ||
| 050 | 0 | 0 |
_aKRX3587.5 _b.A93 2016 |
| 100 | 1 |
_aAdu-Gyamfi, Derick, _eauthor. |
|
| 245 | 1 | 0 |
_aDerick on Pleadings in Ghana : _ba practicing book for Judges, Legal Practitioners and Professional Law Students' / _cby Derick Adu-Gyamfi ; edited and forwarded by Justice Anin-Yeboah, a justice of the Supreme Court of Ghana. |
| 300 |
_axxv, 167 pages ; _c22 cm |
||
| 490 | _3Pleadings | ||
| 500 | _aIncludes index. | ||
| 600 | _2Pleadings | ||
| 650 | 0 |
_aPleading _zGhana. |
|
| 942 |
_2lcc _cBK _n0 |
||
| 999 |
_c217 _d217 |
||